000 00395cam a22001337a 4500
008 180718b1996 xxu||||| |||| 00| 0 eng d
082 _aU6x54 B469
245 _aAccountability of public enterprises
_cby B.S. Bhatia and G.S. Batra
260 _aNew Delhi
_bDeep and Deep
_c1996
300 _a167p.
650 _aPublic sector enterprise - India
700 _aBatra, G.S.
700 _aBhatia, B.S.
999 _c380570
_d380570